[Event "Rouen op 9th"]
[Site "Rouen"]
[Date "2016.12.18"]
[Round "2"]
[White "Rocher, Elian"]
[Black "Madon, Clement"]
[Result "1-0"]
[WhiteElo "1450"]
[BlackElo "1168"]
[PlyCount "107"]
[EventDate "2016.12.17"]
[EventType "swiss"]
[EventRounds "7"]
[EventCountry "FRA"]
[SourceTitle "CBM 176 Extra"]
[Source "ChessBase"]
[SourceDate "2017.03.02"]
[SourceVersion "1"]
[SourceVersionDate "2017.03.02"]
[SourceQuality "1"]

1. e4 c5 2. Nf3 Nc6 3. d4 cxd4 4. Nxd4 e5 5. Nf3 Nf6 6. Nc3 Be7 7. a3 0-0 8. Bc4 a6 9. 0-0 d6 10. h3 b5 11. Bb3 Bb7 12. Qe2 Rc8 13. Nd5 Nxd5 14. Bxd5 Qc7 15. Be3 Nd8 16. Bxb7 Nxb7 17. Rac1 Nc5 18. Bxc5 Qxc5 19. Rfd1 Rfd8 20. Rd5 Qb6 21. c3 Rc5 22. Rcd1 Rxd5 23. Rxd5 Rc8 24. Qd3 h6 25. Kf1 Rc6 26. Ke2 g6 27. Qe3 Qxe3+ 28. Kxe3 Kg7 29. g3 g5 30. g4 f6 31. Nd2 Kf7 32. Nf1 Ke6 33. Ng3 Rc5 34. Nf5 Bf8 35. Rxc5 dxc5 36. c4 bxc4 37. Kd2 Kd7 38. Kc3 Kc6 39. Kxc4 a5 40. Ne3 Be7 41. Nd5 Bd8 42. f3 Bb6 43. Nxf6 Bd8 44. Ng8 a4 45. Nxh6 Kb6 46. Nf7 Bf6 47. Kd5 Kb5 48. Nd6+ Ka5 49. Kxc5 Be7 50. Kc6 Ka6 51. Nc4 Ka7 52. Kb5 Kb7 53. Kxa4 Ka6 54. b3 1-0

[Event "Rouen op 9th"]
[Site "Rouen"]
[Date "2016.12.17"]
[Round "1"]
[White "Madon, Clement"]
[Black "Vouin, Denis"]
[Result "0-1"]
[WhiteElo "1168"]
[BlackElo "1709"]
[PlyCount "52"]
[EventDate "2016.12.17"]
[EventType "swiss"]
[EventRounds "7"]
[EventCountry "FRA"]
[SourceTitle "CBM 176 Extra"]
[Source "ChessBase"]
[SourceDate "2017.03.02"]
[SourceVersion "1"]
[SourceVersionDate "2017.03.02"]
[SourceQuality "1"]

1. e4 d5 2. exd5 Qxd5 3. Nc3 Qa5 4. Nf3 Nf6 5. g3 Bg4 6. Bg2 e5 7. d3 Nc6 8. Be3 0-0-0 9. a3 e4 10. Qe2 exf3 11. Bxf3 Bxf3 12. Qxf3 Bd6 13. 0-0-0 Bxa3 14. bxa3 Qxc3 15. Qf5+ Kb8 16. Rhe1 Rhe8 17. h4 Qxa3+ 18. Kd2 Qb4+ 19. Ke2 Nd4+ 20. Kf1 Nxf5 21. Bd2 Qg4 22. Kg2 Nxh4+ 23. Kh2 Qf3 24. Rg1 Ng4+ 25. Kh3 Nxf2+ 26. Kxh4 Qg4# 0-1